000 00336nam a2200121Ia 4500
008 240731s9999 xx 000 0 und d
022 _a1936-1009
245 0 _aEDPACS : The EDP Audit, Control, and Security Newsletter
260 _bTaylor & Francis
856 _uhttps://www.tandfonline.com/loi/uedp20
942 _2ddc
942 _cTFEJ
999 _c76308
_d76308
945 _a1
_bMadushi Gamage
_c1
_dMadushi Gamage